000 00279nam a2200121Ia 4500
008 170620s9999 xx 000 0 und d
100 _aLEESON / PAPAR O
245 0 _aTEXT / ATLAS OF HISTOLOGY
260 _bSUNDERS
260 _c2006
300 _a775
546 _aEnglish
690 _a ATLAS OF HISTOLOGY
999 _c30738
_d30738